| 000 | 01452cam a22003377a 4500 | ||
|---|---|---|---|
| 001 | 14739939 | ||
| 005 | 20081016063915.0 | ||
| 008 | 070220s2007 enka |rb 001 0 eng | ||
| 010 | _a 2007271827 | ||
| 015 |
_aGBA662084 _2bnb |
||
| 016 | 7 |
_a013511526 _2Uk |
|
| 020 | _a0199292485 | ||
| 020 | _a9780199292486 | ||
| 035 | _a(OCoLC)ocm70671531 | ||
| 040 |
_aUKM _cUKM _dBWKUK _dBAKER _dYDXCP _dIXA _dDLC |
||
| 042 |
_aukblsr _alccopycat |
||
| 050 | 0 | 0 |
_aTK5105.88815 _b.W356 2007 |
| 082 | 0 | 4 |
_a006.3 _222 _bWAL |
| 100 | 1 |
_aWalton, Christopher D. _911894 |
|
| 245 | 1 | 0 |
_aAgency and the Semantic Web / _cChristopher D. Walton. |
| 260 |
_aOxford : _bOxford University Press, 2007 _c2007. |
||
| 300 |
_axvii, 249 p. : _bill. ; _c24 cm. |
||
| 504 | _aIncludes bibliographical references and index. | ||
| 650 | 0 |
_aSemantic Web. _911895 |
|
| 650 | 0 |
_aIntelligent agents (Computer software) _911896 |
|
| 856 | 4 | 2 |
_3Publisher description _uhttp://www.loc.gov/catdir/enhancements/fy0722/2007271827-d.html |
| 942 |
_2ddc _cBB |
||
| 999 |
_c13505 _d13505 |
||